[Event "45th Olympiad Budapest 2024"]
[Site "Budapest"]
[Date "2024.09.19"]
[Round "8"]
[Board "1"]
[White "Maghsoodloo, Parham"]
[Black "Gukesh, D."]
[Result "0-1"]
[WhiteElo "2723"]
[BlackElo "2764"]
[PlyCount "68"]
[EventDate "2024.09.11"]
[EventType "team-tourn"]
[EventRounds "11"]
[EventCountry "HUN"]
[WhiteTeam "Iran"]
[BlackTeam "India"]
[WhiteTeamCountry "IRI"]
[BlackTeamCountry "IND"]

1. d4 d5 2. c4 e6 3. Nc3 c5 4. cxd5 exd5 5. Nf3 Nf6 6. g3 Nc6 7. Bg2 cxd4 8. Nxd4 Bc5 9. Nb3 Bb6 10. O-O d4 11. Na4 O-O 12. Re1 h6 ({RR} 12... Re8 13. Bd2 Bg4 14. h3 Bh5 15. Nbc5 Qe7 16. Nxb6 axb6 17. Nd3 Rad8 18. Nf4 Bg6 19. Rc1 Be4 20. Bf1 Nd5 21. Nd3 Qd7 22. Qb3 Re6 23. Nf4 Nxf4 24. Bxf4 Ne5 25. Bxe5 Rxe5 26. Qxb6 Bc6 27. Rc5 {1-0 Kozak,A (2434)-Lopusiewicz,P (2301) Titled Tue 27th Feb Early 2024 (5)}) 13. Bf4 Be6 14. Nbc5 Bd5 15. Nxb6 $146 ({RR} 15. Nxb7 Qe7 16. Nxb6 axb6 17. e4 dxe3 18. Rxe3 Qxb7 19. Bxd5 Rfd8 20. Rd3 Qa6 21. Bd6 Rxd6 22. Bxf7+ Kxf7 23. Rxd6 Ne5 24. Qb3+ Kg6 25. f4 Qc4 26. Qxc4 Nxc4 27. Rc6 Nxb2 28. Rxb6 Na4 29. Rc6 Kf5 {1-0 Kramnik,V (2753)-Sychev,K (2540) Julius Baer Play-In 2023 (9.24)}) 15... axb6 16. Nxb7 Qd7 17. e4 dxe3 18. Rxe3 Nb4 19. Nd6 Bxg2 20. Kxg2 Rad8 21. Rb3 Nbd5 22. Be5 Qe6 23. Qd4 Ng4 24. Rd1 Ne7 25. Bxg7 Nf5 26. Qf4 Nxg7 27. Rxb6 f5 28. h3 Ne5 29. Nc4 Qxc4 30. Rxd8 Rxd8 31. Qxe5 Rd1 32. Rb3 Qf1+ 33. Kf3 Qh1+ 34. Kf4 Rd5 0-1

[Event "45th Olympiad Budapest 2024"]
[Site "Budapest"]
[Date "2024.09.19"]
[Round "8"]
[Board "2"]
[White "Praggnanandhaa, R."]
[Black "Tabatabaei, M. Amin"]
[Result "1/2-1/2"]
[WhiteElo "2750"]
[BlackElo "2714"]
[PlyCount "64"]
[EventDate "2024.09.11"]
[EventType "team-tourn"]
[EventRounds "11"]
[EventCountry "HUN"]
[WhiteTeam "India"]
[BlackTeam "Iran"]
[WhiteTeamCountry "IND"]
[BlackTeamCountry "IRI"]

1. d4 d5 2. c4 e6 3. Nf3 Nf6 4. g3 Be7 5. Bg2 O-O 6. O-O dxc4 7. Qc2 a6 8. a4 Bd7 9. Qxc4 Bc6 10. Bf4 Bd6 11. Qc1 h6 12. Nc3 ({RR} 12. Re1 Nbd7 13. Nc3 Ne4 14. Ne5 Bxe5 15. dxe5 Nxc3 16. Bxc6 Nxe2+ 17. Rxe2 bxc6 18. Bxh6 gxh6 19. Qxh6 Qe7 20. Re4 f5 21. Rh4 Qg7 22. Qxe6+ Qf7 23. Qh6 Qg7 24. Qxc6 Nxe5 25. Qd5+ Nf7 26. Qxf5 Ne5 {½-½ Ding,L (2791)-Aronian,L (2781) Skilling op Prelim rapid 2020 (12)}) ({RR} 12. Re1 Bxf3 13. Bxf3 Bxf4 14. Qxf4 Nc6 15. Na3 g5 16. Qe3 Qxd4 17. Qxd4 Nxd4 18. Bxb7 Ra7 19. Bg2 Rb8 20. Red1 c5 21. e3 Nb3 22. Rab1 Rb4 23. Rd3 Rc7 24. Bf1 Kg7 25. Rbd1 Nd5 26. e4 Nf6 {½-½ Praggnanandhaa,R (2690)-Caruana,F (2782) FIDE World Cup 2023 (7.2)}) 12... Nd5 ({RR} 12... Nbd7 13. a5 Rc8 14. Re1 Nd5 15. Nxd5 exd5 16. Bh3 Ra8 17. Bxd6 cxd6 18. Qf4 Nf6 19. Nd2 Bd7 20. Bg2 Bc6 21. Nb1 Rc8 22. Nc3 Re8 23. Red1 Qd7 24. Rd3 Qe6 25. Re3 Qd7 26. Rxe8+ Rxe8 27. Bf3 {1-0 Andreikin,D (2729)-Hong,A (2550) Chess.com Speed KO Lose 2024 (1.1)}) 13. Bd2 Nd7 14. Rd1 $146 ({RR} 14. Qc2 N7f6 15. Ne5 Nxc3 16. Bxc3 Bxg2 17. Kxg2 c5 18. Nc4 Bc7 19. Qd3 b5 20. axb5 axb5 21. Ne5 b4 22. Bd2 Rxa1 23. Rxa1 Qd5+ 24. Qf3 Ne4 25. Bf4 Bxe5 26. dxe5 c4 27. h4 c3 28. bxc3 Nxc3 {½-½ Theodorou,N (2541)-Schroeder,J (2572) Saint Louis SPICE Cup op 13th 2019 (8)}) 14... Qe8 15. a5 f5 16. Qc2 N7f6 17. Re1 Rd8 18. Ne5 Nb4 19. Qb3 Bxg2 20. Kxg2 Bxe5 21. dxe5 Rxd2 22. Qxb4 Qc6+ 23. Kg1 Nd5 24. Nxd5 Qxd5 25. Rac1 Rf7 26. b3 Rd4 27. Rc4 Rd1 28. Rxd1 Qxd1+ 29. Kg2 Qd5+ 30. Kg1 Rd7 31. e3 Qd1+ 32. Kg2 Qd5+ 1/2-1/2

[Event "45th Olympiad Budapest 2024"]
[Site "Budapest"]
[Date "2024.09.19"]
[Round "8"]
[Board "3"]
[White "Daneshvar, Bardiya"]
[Black "Erigaisi, Arjun"]
[Result "0-1"]
[WhiteElo "2598"]
[BlackElo "2778"]
[PlyCount "71"]
[EventDate "2024.09.11"]
[EventType "team-tourn"]
[EventRounds "11"]
[EventCountry "HUN"]
[WhiteTeam "Iran"]
[BlackTeam "India"]
[WhiteTeamCountry "IRI"]
[BlackTeamCountry "IND"]

1. Nf3 d5 2. g3 Nf6 3. Bg2 c5 4. O-O e6 5. c4 d4 6. d3 Nc6 7. e3 Nd7 ({RR} 7... Bd6 8. a3 a5 9. Nbd2 O-O 10. e4 e5 11. h3 Bd7 12. Nh2 Qc8 13. f4 Bxh3 14. f5 Bxg2 15. Kxg2 Re8 16. g4 h6 17. Ndf3 Kf8 18. g5 hxg5 19. Bxg5 Nb8 20. Rh1 Nbd7 21. Ng4 Ke7 22. Qe1 {½-½ Aronian,L (2780)-Yilmaz,M (2633) Olympiad-43 Batumi 2018 (3.13)}) ({RR} 7... Bd6 8. exd4 cxd4 9. Na3 O-O 10. Nc2 e5 11. Bg5 h6 12. Bxf6 Qxf6 13. Nd2 Qg6 14. Ne4 Be7 15. Rb1 a6 16. b4 b5 17. c5 Rb8 18. Re1 Bb7 19. Nd2 f5 20. a4 Bf6 21. axb5 axb5 22. Na3 {1-0 Rishi,S (2470)-Asaka,S (2125) ch-AUS 2024 Adelaide AUS (7.1)}) 8. Na3 $146 ({RR} 8. exd4 cxd4 9. a3 a5 10. Re1 e5 11. Nbd2 Be7 12. Rb1 O-O 13. Qc2 h6 14. c5 Bxc5 15. Nc4 f6 16. Nh4 Ne7 17. b4 axb4 18. axb4 Ba7 19. Nd6 Kh7 20. Be4+ g6 21. Qd2 Ng8 22. Nxg6 Kg7 {1-0 Miszler,L (2210)-Zhukova,N (2335) Titled Tuesday intern op 01st Feb-A blitz 2022 (6)}) ({RR} 8. Re1 Be7 9. Na3 e5 10. Nc2 O-O 11. Rb1 Re8 12. a3 a5 13. b3 Nf8 14. exd4 exd4 15. Ne5 Nxe5 16. Rxe5 Ng6 17. Re1 Ra7 18. b4 axb4 19. axb4 b6 20. bxc5 bxc5 21. h4 Bd6 22. Rxe8+ Qxe8 {0-1 Van Wely,L (2611)-Pichot,A (2630) Dubai bin Rashid Cup Rapid 2021 (2)}) ({RR} 8. Re1 Be7 9. exd4 cxd4 10. Na3 e5 11. Nc2 a5 12. Rb1 O-O 13. b3 Bd6 14. a3 Nc5 15. b4 axb4 16. axb4 Na4 17. Bd2 Re8 18. Ng5 h6 19. Ne4 Bf8 20. g4 Qh4 21. h3 f5 22. gxf5 Bxf5 {0-1 Hochgraefe,M (2384)-Gaede,D (2265) Oberliga Nord N 2122 2021 (1.2)}) 8... e5 9. Nh4 dxe3 10. fxe3 Nf6 11. Nb5 Bg4 12. Qb3 Qd7 13. Nc3 Rd8 14. Nd5 Be7 15. Bd2 O-O 16. Rae1 Be6 17. e4 Nd4 18. Qc3 Nxd5 19. cxd5 Bg4 20. Be3 Bxh4 21. gxh4 f5 22. Bxd4 cxd4 23. Qc5 f4 24. Rf2 b6 25. Qb4 f3 26. Bf1 Bh5 27. Kh1 Rf6 28. h3 Rc8 29. Qd2 Rg6 30. Rc1 Rf8 31. Qb4 h6 32. Rfc2 f2 33. Rc7 Rg1+ 34. Kh2 Rxf1 35. Rxd7 Rxc1 36. Rd6 0-1

[Event "45th Olympiad Budapest 2024"]
[Site "Budapest"]
[Date "2024.09.19"]
[Round "8"]
[Board "4"]
[White "Vidit, Santosh Gujrathi"]
[Black "Idani, Pouya"]
[Result "1-0"]
[WhiteElo "2720"]
[BlackElo "2599"]
[PlyCount "79"]
[EventDate "2024.09.11"]
[EventType "team-tourn"]
[EventRounds "11"]
[EventCountry "HUN"]
[WhiteTeam "India"]
[BlackTeam "Iran"]
[WhiteTeamCountry "IND"]
[BlackTeamCountry "IRI"]

1. e4 c5 2. Nf3 d6 3. d4 cxd4 4. Nxd4 Nf6 5. Nc3 a6 6. Bc4 e6 7. Be3 b5 8. Bb3 Bb7 9. f3 Nc6 10. Qe2 ({RR} 10. a3 Nxd4 11. Bxd4 Be7 12. Qd2 h6 13. Be3 Nd7 14. O-O-O Ne5 15. Qe2 Nc4 16. Bxc4 bxc4 17. Qxc4 Rc8 18. Qa4+ Qd7 19. Qxd7+ Kxd7 20. e5 d5 21. f4 Rc6 22. Rhf1 Rhc8 23. Kb1 Rc4 24. f5 Bg5 {0-1 Lucio Pinzon,S (1563)-Paez Colmenares,A (1671) 17th American Cont Blitz 2024 (8.134)}) 10... Na5 ({RR} 10... Be7 11. O-O-O Nxd4 12. Bxd4 O-O 13. e5 dxe5 14. Qxe5 Bd6 15. Qe2 Qe7 16. Be5 Bxe5 17. Qxe5 b4 18. Na4 Bc6 19. Qd6 Qb7 20. Nc5 Qb6 21. Kb1 Rad8 22. Na4 Qb7 23. Qxd8 Rxd8 24. Rxd8+ Be8 25. Rhd1 {0-1 Predke,A (2688)-Sarana,A (2675) Chess.com Rapid Wk14 Swiss 2022 (8)}) 11. O-O-O Nxb3+ 12. cxb3 Be7 $146 ({RR} 12... Qc7 13. Kb1 Rd8 14. g4 Be7 15. h4 b4 16. Na4 d5 17. Nxe6 fxe6 18. Bb6 Qe5 19. Bxd8 Bxd8 20. Nc5 Bc8 21. f4 Qxf4 22. exd5 Qxg4 23. Qe3 Qf5+ 24. Ka1 Nxd5 25. Qe2 Bf6 26. Rhf1 Qe5 27. Qxe5 {0-1 Flatten,A (2070)-Bausch,T (2117) Mittelrhein Verbandsliga-W 18/19 2018 (4.2)}) 13. Kb1 O-O 14. g4 b4 15. Na4 Nd7 16. h4 Qa5 17. Bg5 Rfe8 18. Bxe7 Rxe7 19. h5 Rc8 20. h6 g6 21. Qd2 Nf6 22. Rhe1 Rec7 23. a3 Nd7 24. f4 e5 25. axb4 Bxe4+ 26. Rxe4 Qd5 27. Qd3 Nf6 28. Ree1 Qxd4 29. Qxd4 exd4 30. g5 Nh5 31. Rxd4 Rf8 32. Rxd6 Nxf4 33. Nc5 Ne6 34. Nxe6 fxe6 35. Rxa6 e5 36. b5 Rc5 37. b6 Rb8 38. Ra7 Rb5 39. Rg7+ Kh8 40. Rc1 1-0

[Event "45th Olympiad Budapest 2024"]
[Site "Budapest"]
[Date "2024.09.19"]
[Round "8"]
[Board "1"]
[White "Rapport, Richard"]
[Black "Martirosyan, Haik M."]
[Result "1/2-1/2"]
[WhiteElo "2715"]
[BlackElo "2667"]
[PlyCount "61"]
[EventDate "2024.09.11"]
[EventType "team-tourn"]
[EventRounds "11"]
[EventCountry "HUN"]
[WhiteTeam "Hungary"]
[BlackTeam "Armenia"]
[WhiteTeamCountry "HUN"]
[BlackTeamCountry "ARM"]

1. e4 e5 2. Nf3 Nc6 3. Bc4 Bc5 4. O-O Nf6 5. d3 O-O 6. Re1 Ng4 7. Rf1 ({RR} 7. Re2 Kh8 8. h3 f5 9. Bg5 Nf6 10. Nc3 d6 11. Nd5 fxe4 12. dxe4 Be6 13. Nxf6 gxf6 14. Bxe6 fxg5 15. c3 Qf6 16. Bg4 Ne7 17. Qd2 Rg8 18. b4 Bb6 19. a4 a5 20. Qa2 Qg6 21. Qe6 Qg7 {0-1 Carlsen,M (2847)-Nakamura,H (2736) FTX Crypto Cup KO rapid 2021 (1.21)}) ({RR} 7. Re2 Kh8 8. h3 f5 9. Nc3 d6 10. exf5 Nf6 11. Ne4 Bxf5 12. Nxc5 dxc5 13. Nxe5 Nxe5 14. Rxe5 Nd7 15. Re1 Qf6 16. Be3 b6 17. d4 cxd4 18. Qxd4 Qg6 19. Kh1 Rad8 20. c3 Nc5 21. Qh4 Nd3 {1-0 Van Baar,E (2208)-Slade,T (2086) Titled Tue 6th Feb Late 2024 (8)}) ({RR} 7. Re2 Kh8 8. h3 f5 9. Bg5 Nf6 10. exf5 Nd4 11. Nxd4 exd4 12. Bd5 c6 13. Bf3 d5 14. g4 g6 15. fxg6 Rg8 16. Bxf6+ Qxf6 17. gxh7 Kxh7 18. Nd2 Bd6 19. Bg2 Bd7 20. Nf1 Raf8 21. Ng3 Qh4 {½-½ Kadric,D (2584)-Martirosyan,H (2708) 24th European Teams 2023 (1.2)}) 7... Nf6 8. h3 $146 d5 9. exd5 Nxd5 10. Re1 Be6 11. c3 Bb6 12. Bb3 Re8 13. Ng5 Qf6 14. Rf1 Nf4 15. Nxe6 Nxe6 16. Nd2 Rad8 17. Ne4 Qg6 18. Qf3 Kh8 19. h4 f5 20. Ng5 Nxg5 21. Bxg5 Rd6 22. Rae1 h6 23. Bc1 Rf8 24. Bc4 Rdd8 25. Qh3 a5 26. a3 f4 27. Kh2 Bc5 28. b4 axb4 29. axb4 Be7 30. d4 exd4 31. b5 1/2-1/2

[Event "45th Olympiad Budapest 2024"]
[Site "Budapest"]
[Date "2024.09.19"]
[Round "8"]
[Board "2"]
[White "Sargsyan, Shant"]
[Black "Leko, Peter"]
[Result "1/2-1/2"]
[WhiteElo "2649"]
[BlackElo "2666"]
[PlyCount "52"]
[EventDate "2024.09.11"]
[EventType "team-tourn"]
[EventRounds "11"]
[EventCountry "HUN"]
[WhiteTeam "Armenia"]
[BlackTeam "Hungary"]
[WhiteTeamCountry "ARM"]
[BlackTeamCountry "HUN"]

1. e4 e5 2. Nf3 Nc6 3. Bb5 Nf6 4. d3 Bc5 5. c3 O-O 6. O-O d5 7. Nbd2 Re8 8. exd5 a6 9. Bxc6 bxc6 10. Nb3 Qxd5 11. c4 Qd6 12. Nxc5 Qxc5 13. h3 $146 ({RR} 13. Be3 Qd6 14. h3 c5 15. Qb3 Bf5 16. Rad1 Qc6 17. Nh4 Be6 18. f4 e4 19. f5 Bc8 20. d4 cxd4 21. Bxd4 Bb7 22. Qe3 Qxc4 23. Bxf6 gxf6 24. Rc1 Qd3 25. Qh6 e3 26. Rc3 Qd6 27. Rf4 Kh8 {½-½ Albornoz Cabrera,C (2604)-Ponomariov,R (2646) 57th Capablanca Mem Elite 2024 (2.1)}) ({RR} 13. d4 exd4 14. Qxd4 Qh5 15. Bg5 Bg4 16. Bxf6 Bxf3 17. gxf3 Qg6+ 18. Kh1 Qxf6 19. Qxf6 gxf6 20. Rfe1 Rad8 21. Kg2 Kf8 22. Rxe8+ Rxe8 23. Rd1 Re2 24. b3 Rxa2 25. Rd7 Rb2 26. Rxc7 Rxb3 27. Rxc6 a5 {½-½ Carlsen,M (2830)-So,W (2757) Chessable Masters Div 1 W 2024 (1.3)}) ({RR} 13. d4 exd4 14. Qxd4 Qh5 15. Be3 Ne4 16. Bf4 c5 17. Qd3 Bf5 18. Qa3 f6 19. Bxc7 Qf7 20. Bf4 Qxc4 21. Rac1 Qf7 22. Rfe1 h6 23. h3 c4 24. Qa4 Rec8 25. Be3 Bg6 26. Qa5 Rcb8 27. Qa3 Rd8 {½-½ Nguyen,T (2653)-Harikrishna,P (2704) 5th Prague Masters 2023 (1.1)}) 13... Bf5 14. Be3 Qb4 15. Qe2 Qd6 16. Rad1 c5 17. Nh4 Bg6 18. Qd2 Qc6 19. Nxg6 hxg6 20. Qa5 Nd7 21. a3 Re6 22. b4 Qb6 23. Qa4 Qc6 24. Qa5 Qb6 25. Qa4 Qc6 26. Qa5 Qb6 1/2-1/2

[Event "45th Olympiad Budapest 2024"]
[Site "Budapest"]
[Date "2024.09.19"]
[Round "8"]
[Board "3"]
[White "Sjugirov, Sanan"]
[Black "Sargissian, Gabriel"]
[Result "1/2-1/2"]
[WhiteElo "2644"]
[BlackElo "2646"]
[PlyCount "75"]
[EventDate "2024.09.11"]
[EventType "team-tourn"]
[EventRounds "11"]
[EventCountry "HUN"]
[WhiteTeam "Hungary"]
[BlackTeam "Armenia"]
[WhiteTeamCountry "HUN"]
[BlackTeamCountry "ARM"]

1. e4 e5 2. Nf3 Nc6 3. Bb5 a6 4. Ba4 Nf6 5. O-O Be7 6. d3 b5 7. Bb3 d6 8. a4 Bd7 9. Nc3 Na5 10. Ba2 b4 11. Ne2 ({RR} 11. Nd5 Nxd5 12. Bxd5 c6 13. Ba2 Bg4 14. d4 Qc7 15. dxe5 dxe5 16. h3 Bh5 17. Be3 O-O 18. Qe2 Nb7 19. Bc4 a5 20. g4 Bg6 21. Nd2 Bc5 22. f3 Rfd8 23. Nb3 Bxe3+ 24. Qxe3 Nd6 25. Qc5 Nb7 {½-½ Popov,I (2620)-Sargissian,G (2667) EU-ch 14th Legnica 2013 (4)}) 11... O-O ({RR} 11... c5 12. Nd2 O-O 13. f4 Rb8 14. Nc4 Nxc4 15. Bxc4 a5 16. fxe5 dxe5 17. Ng3 Ne8 18. Qh5 Nd6 19. Bd5 Bf6 20. b3 g6 21. Qf3 Bg7 22. Be3 Rc8 23. Qf2 Qc7 24. Bg5 Be6 25. Bxe6 fxe6 26. Qd2 {1-0 Carlsen,M (2832)-Ding Liren (2745) FIDE World Rapid Team 2024 (8.1)}) 12. h3 ({RR} 12. Ng3 c5 13. Bd2 Rb8 14. Nh4 g6 15. f4 c4 16. Nf3 b3 17. cxb3 exf4 18. Bxf4 Nxb3 19. Bxb3 Qb6+ 20. Kh1 Qxb3 21. dxc4 Qxc4 22. Bxd6 Bxd6 23. Qxd6 Qe6 24. Qd4 Qb6 25. Qxb6 Rxb6 26. Ne5 Re6 {1-0 Tsydypov,Z (2522)-Smirnov,P (2526) D.S. Shcherbin Mem Blitz 2024 (8.2)}) 12... c5 13. Ng3 Be6 $146 ({RR} 13... Rb8 14. Be3 Qc8 15. Nd2 Nc6 16. Bc4 Na5 17. f4 Nxc4 18. Nxc4 exf4 19. Bxf4 Qc6 20. Bg5 Kh8 21. Nf5 Bxf5 22. Rxf5 Ng8 23. Qf3 Bxg5 24. Rxg5 Rbd8 25. Qg3 Ne7 26. Rf1 Rd7 27. b3 Ng6 28. h4 {1-0 Sokolov,A (2558)-Loetscher,R (2408) SUI-ch 113th 2013 (7)}) ({RR} 13... Rb8 14. Nd2 Qc8 15. Nc4 Nxc4 16. Bxc4 Be6 17. a5 g6 18. Bg5 Bxc4 19. dxc4 Qe6 20. Qd3 Rfd8 21. b3 Nh5 22. Be3 Nxg3 23. fxg3 h5 24. Qe2 Kg7 25. Rf2 Rh8 26. Raf1 Rbf8 27. Qd3 f6 28. Bd2 {½-½ Van Foreest,J (2671)-Donchenko,A (2668) Tata Steel 83rd 2021 (9)}) 14. Bxe6 fxe6 15. c3 Nc6 16. d4 cxd4 17. cxd4 exd4 18. Nxd4 Nxd4 19. Qxd4 a5 20. Be3 Qd7 21. Rfd1 Qb7 22. Rac1 Rfc8 23. e5 Rxc1 24. Rxc1 dxe5 25. Qxe5 Qd5 26. Qxd5 Nxd5 27. Bd4 Rd8 28. Rc4 Bf6 29. Bxf6 Nxf6 30. Ne4 Nxe4 31. Rxe4 Rd1+ 32. Kh2 Rd2 33. Rxe6 Rxb2 34. Re5 Rxf2 35. Rxa5 Ra2 36. Ra6 b3 37. Rb6 Rxa4 38. Rxb3 1/2-1/2

[Event "45th Olympiad Budapest 2024"]
[Site "Budapest"]
[Date "2024.09.19"]
[Round "8"]
[Board "4"]
[White "Hovhannisyan, Robert"]
[Black "Gledura, Benjamin"]
[Result "0-1"]
[WhiteElo "2619"]
[BlackElo "2628"]
[PlyCount "90"]
[EventDate "2024.09.11"]
[EventType "team-tourn"]
[EventRounds "11"]
[EventCountry "HUN"]
[WhiteTeam "Armenia"]
[BlackTeam "Hungary"]
[WhiteTeamCountry "ARM"]
[BlackTeamCountry "HUN"]

1. e4 c5 2. Nf3 d6 3. d4 cxd4 4. Qxd4 Nc6 5. Bb5 a6 6. Bxc6+ bxc6 7. O-O e5 8. Qa4 Qc7 9. c4 Bd7 ({RR} 9... Nf6 10. Nc3 Bg4 11. Bg5 Nd7 12. Nd2 f6 13. Be3 Be7 14. b4 Be6 15. Rfc1 Qb7 16. Rab1 O-O 17. Qd1 f5 18. f3 Nf6 19. Bg5 Rad8 20. Bxf6 Rxf6 21. Qe2 Rh6 22. Rd1 Qa7+ 23. Kh1 Qd4 24. exf5 {0-1 Anton Guijarro,D (2658)-Vallejo Pons,F (2701) ESP-chT Rapid 2021 (7.1)}) 10. Nc3 ({RR} 10. Bd2 Nf6 11. Ba5 Qb8 12. Qc2 Be7 13. Re1 O-O 14. c5 dxc5 15. Nbd2 Be6 16. b3 Nd7 17. Nc4 f6 18. Red1 Ra7 19. Ne3 g6 20. Nd2 Nb6 21. Ndc4 Nxc4 22. Nxc4 Rd7 23. Rxd7 Bxd7 24. Rd1 Be6 {1-0 Nasuta,G (2563)-Klimkowski,J (2531) chess.com Speed Poland 2024 (1.11)}) 10... Ne7 11. Be3 $146 ({RR} 11. c5 d5 12. Qc2 f6 13. Ne1 g5 14. Nd3 Be6 15. f3 Ng6 16. Bd2 Be7 17. b4 Kf7 18. Kh1 Rhd8 19. Nf2 a5 20. Na4 axb4 21. Bxb4 Kg7 22. Nb6 Ra7 23. a4 Qb7 24. a5 Qa6 25. Rfd1 d4 {0-1 Demchenko,A (2654)-Fedoseev,V (2701) Chess.com Rapid Wk13 Swiss 2022 (2)}) 11... f6 12. Qc2 Be6 13. Rfd1 Bxc4 14. Rac1 Be6 15. Nd5 Qb7 16. Nb6 Rd8 17. Nc4 Qb4 18. b3 d5 19. Bd2 Qb5 20. a4 Qb8 21. Na5 dxe4 22. Qxe4 Bd5 23. Qe2 Qc8 24. Nc4 Qe6 25. Ba5 Rd7 26. Nb6 Ra7 27. Nxd5 cxd5 28. Nd4 Qd6 29. Nc2 Kf7 30. Ne3 Qe6 31. Bb4 d4 32. Nc4 Nd5 33. Bxf8 Rxf8 34. g3 Nc3 35. Qh5+ Kg8 36. Re1 e4 37. a5 f5 38. Qg5 f4 39. gxf4 Raf7 40. Kh1 Rxf4 41. Rg1 Qf6 42. Qxf6 R4xf6 43. Rg4 Rxf2 44. Rcg1 g6 45. Nd6 e3 0-1

[Event "45th Olympiad Budapest 2024"]
[Site "Budapest"]
[Date "2024.09.19"]
[Round "8"]
[Board "1"]
[White "Predke, Alexandr"]
[Black "Abdusattorov, Nodirbek"]
[Result "0-1"]
[WhiteElo "2671"]
[BlackElo "2766"]
[PlyCount "140"]
[EventDate "2024.09.11"]
[EventType "team-tourn"]
[EventRounds "11"]
[EventCountry "HUN"]
[WhiteTeam "Serbia"]
[BlackTeam "Uzbekistan"]
[WhiteTeamCountry "SRB"]
[BlackTeamCountry "UZB"]

1. e4 c6 2. d4 d5 3. e5 Bf5 4. h4 Qb6 5. a4 a5 ({RR} 5... h6 6. g4 Bd7 7. a5 Qc7 8. c4 e6 9. c5 h5 10. gxh5 Nh6 11. Bg5 Na6 12. Nf3 Nf5 13. Nc3 Rxh5 14. Bd3 Nxd4 15. Nxd4 Qxe5+ 16. Be2 Bxc5 17. Be3 Rh8 18. Nf3 Qc7 19. Bxc5 Nxc5 20. b4 {1-0 Morozevich,A (2711)-Hovhannisyan,R (2599) Nezhmetdinov Memorial rapid 37th 2015 (6)}) 6. g4 Bd7 7. Rh3 h5 $146 ({RR} 7... Na6 8. Rb3 Qc7 9. Nc3 e6 10. h5 Nh6 11. Be3 Bc5 12. dxc5 Qxe5 13. Nf3 Qc7 14. Bxh6 gxh6 15. Bxa6 Rxa6 16. Qd4 Rg8 17. O-O-O f6 18. Qxf6 Rf8 19. Qe5 Qc8 20. Ne2 b5 21. cxb6 Qb7 22. Qc7 {1-0 Visser,H (2215)-Devaev,A (2325) Titled Tue 20th Aug Early 2024 (7)}) 8. Rb3 Qc7 9. g5 g6 10. Re3 Bg4 11. Ne2 e6 12. f3 Bf5 13. b3 Ne7 14. Ng3 c5 15. Rc3 Nec6 16. Nxf5 gxf5 17. f4 cxd4 18. Rh3 Nd7 19. Na3 Qb6 20. Bd3 Nc5 21. Nb5 Rc8 22. Bb2 Ne4 23. Ke2 Bc5 24. Qg1 Kf8 25. Rd1 Kg7 26. Rh2 Kg6 27. Kf1 Rhd8 28. Re2 Kg7 29. Kg2 Ne7 30. Kh3 Ng6 31. Rf1 Rc6 32. Rf3 Bb4 33. Bxd4 Bc5 34. Qa1 Rdc8 35. Qg1 Nc3 36. Bxc5 Qxc5 37. Qxc5 Rxc5 38. Rd2 Nxb5 39. axb5 Rc3 40. Kg3 Nf8 41. Kf2 Nd7 42. Ke2 Nc5 43. Kd1 a4 44. bxa4 Ra8 45. Rg2 Rxa4 46. g6 Nxd3 47. gxf7+ Kxf7 48. cxd3 Ra1+ 49. Kd2 d4 50. Rfg3 Ra2+ 51. Kd1 Rxg2 52. Rxg2 Rxd3+ 53. Rd2 Rh3 54. Rxd4 Rxh4 55. b6 Ke8 56. Rc4 Rg4 57. Ke2 h4 58. Kf3 Rg1 59. Kf2 Rb1 60. Rc8+ Kf7 61. Rc7+ Kg6 62. Rxb7 Kh5 63. Rg7 h3 64. Rg5+ Kh4 65. b7 Rxb7 66. Rg6 Rb2+ 67. Kf3 Rb3+ 68. Kf2 h2 69. Rh6+ Kg4 70. Kg2 Rb6 0-1

[Event "45th Olympiad Budapest 2024"]
[Site "Budapest"]
[Date "2024.09.19"]
[Round "8"]
[Board "2"]
[White "Yakubboev, Nodirbek"]
[Black "Sarana, Alexey"]
[Result "1/2-1/2"]
[WhiteElo "2666"]
[BlackElo "2713"]
[PlyCount "117"]
[EventDate "2024.09.11"]
[EventType "team-tourn"]
[EventRounds "11"]
[EventCountry "HUN"]
[WhiteTeam "Uzbekistan"]
[BlackTeam "Serbia"]
[WhiteTeamCountry "UZB"]
[BlackTeamCountry "SRB"]

1. e4 c5 2. Nf3 d6 3. d4 cxd4 4. Nxd4 Nf6 5. Nc3 a6 6. Be3 Ng4 7. Bc1 Nf6 8. Be3 Ng4 9. Bg5 h6 10. Bh4 g5 11. Bg3 Bg7 12. Qd2 Nc6 13. Nb3 Be6 14. h4 gxh4 15. Rxh4 $146 ({RR} 15. Bxh4 Na5 16. Nd4 Qb6 17. O-O-O Rc8 18. f4 Nc4 19. Bxc4 Rxc4 20. Nce2 O-O 21. f5 Rfc8 22. c3 Rxd4 23. Nxd4 Bxa2 24. Bxe7 Bb3 25. f6 Nxf6 26. Bxf6 Bxf6 27. Qxh6 Qd8 28. Qh7+ Kf8 29. Nf5 {1-0 So,W (2760)-Vachier Lagrave,M (2736) chess.com SpeedChess 2022 (2.11)}) 15... h5 16. O-O-O Rc8 17. Nd5 Nce5 18. Nf4 Bxb3 19. axb3 Nf6 20. Qe2 Qa5 21. Kb1 Nc6 22. c3 Qg5 23. Nd5 Ne5 24. Rh3 Qg6 25. Bxe5 dxe5 26. Qd3 Nxd5 27. Qxd5 Qc6 28. Bc4 Qxd5 29. exd5 Rh6 30. Bd3 h4 31. Rdh1 Rd8 32. Be4 Kd7 33. Rxh4 Rxh4 34. Rxh4 Rh8 35. Rg4 Bf6 36. d6 Rh4 37. Rxh4 Bxh4 38. g3 Bg5 39. Bxb7 a5 40. dxe7 Kxe7 41. Be4 Kd6 42. Ka2 Bc1 43. Ka3 Kc5 44. g4 f6 45. f3 Kb5 46. Bd3+ Kc5 47. Bf5 Kb5 48. Bc8 Kc5 49. Bb7 Kb6 50. Ba8 Kc5 51. Ka2 Bg5 52. Kb1 Bf4 53. Kc2 Bg5 54. Kd3 Bh4 55. Ke4 Bg5 56. Kf5 Bh4 57. Ke4 Bg5 58. Kf5 Bh4 59. Ke4 1/2-1/2

[Event "45th Olympiad Budapest 2024"]
[Site "Budapest"]
[Date "2024.09.19"]
[Round "8"]
[Board "3"]
[White "Indjic, Aleksandar"]
[Black "Sindarov, Javokhir"]
[Result "1/2-1/2"]
[WhiteElo "2611"]
[BlackElo "2677"]
[PlyCount "79"]
[EventDate "2024.09.11"]
[EventType "team-tourn"]
[EventRounds "11"]
[EventCountry "HUN"]
[WhiteTeam "Serbia"]
[BlackTeam "Uzbekistan"]
[WhiteTeamCountry "SRB"]
[BlackTeamCountry "UZB"]

1. Nf3 Nf6 2. c4 e6 3. g3 d5 4. Bg2 Be7 5. O-O O-O 6. d3 c5 7. Ne5 d4 8. e3 dxe3 9. Bxe3 Qc7 10. f4 Nfd7 $146 ({RR} 10... Nbd7 11. Nxd7 Bxd7 12. Nc3 Bc6 13. Bxc6 Qxc6 14. Qe2 Nd7 15. Qg2 Qxg2+ 16. Kxg2 Rac8 17. Rad1 Nb8 18. b3 Nc6 19. Ne2 Rfd8 20. d4 cxd4 21. Nxd4 Nxd4 22. Bxd4 b6 23. Rd3 f6 24. Rfd1 Kf7 25. g4 {½-½ Jacobson,B (2546)-Hong,A (2520) ch-USA Junior 2023 (9.1)}) 11. Nf3 Nc6 12. Nc3 b6 13. d4 Na5 14. b3 Bb7 15. d5 exd5 16. Nxd5 Bxd5 17. Qxd5 Rad8 18. Qf5 Nc6 19. Rad1 Nf6 20. h3 g6 21. Qb1 Nh5 22. Bf2 Bf6 23. Rd5 Nb4 24. Rdd1 Rfe8 25. a3 Nc6 26. Rxd8 Rxd8 27. Re1 Nd4 28. Nd2 Bg7 29. Ne4 Nf6 30. Nc3 h5 31. Nd5 Nxd5 32. Bxd5 Nf5 33. Qe4 Bc3 34. Re2 Kf8 35. g4 Nd4 36. Bxd4 Bxd4+ 37. Kg2 hxg4 38. hxg4 Qd7 39. Kf3 Re8 40. Qxe8+ 1/2-1/2